Statistiques concernant Maths : Divisions

Cliquez ici pour prendre le quiz!

Statistiques générales

  • Ce quiz a été pris 1 016 fois
  • Le résultat moyen est 13 sur 15

Statistiques - réponses

CalculQuotient% Correct
47 / 471
99%
36 / 66
99%
100 / 205
98%
999 / 3333
96%
34 / 3,410
91%
46 / 223
87%
37 / 103,7
86%
37 / 1000,37
83%
1 / 20,5
83%
222 / 1112
81%
37 / 10000,037
80%
728 / 918
75%
1000 / 4025
74%
728 / 891
66%
963 / 1079
62%

Distribution des résultats

Percentile par nombre de réponses

% des personnes avec chaque résultat

Votre développement - résultats

Vous n’avez pas pris ce quiz